Psychologie des Unterrichts und der Schule

Αποθηκεύτηκε σε:
Λεπτομέρειες βιβλιογραφικής εγγραφής
Άλλοι συγγραφείς: Weinert, Franz E. (Επιμελητής έκδοσης)
Μορφή: Βιβλίο
Γλώσσα:German
Δημοσίευση: Gottingen ; Bern : Hogrefe- Verlag fur Psychologie, c1997
Θέματα:
Ετικέτες: Προσθήκη ετικέτας
Δεν υπάρχουν, Καταχωρήστε ετικέτα πρώτοι!

MARC

LEADER 00000nam a2200000 i 4500
001 1/8998
008 000731s1997 ger d
020 |a 3-8017-0539-0 
035 |l 10062890 
040 |a GR-MY-UA  |b gre  |e aacr 
041 0 |a ger 
082 0 |a 370.1 
245 1 0 |a Psychologie des Unterrichts und der Schule /  |c herausgegeben von Franz E. Weinert 
246 3 4 |a Enzyklopaedie der Psychologie 
260 |a Gottingen ; Bern :   |b Hogrefe- Verlag fur Psychologie,   |c c1997 
300 |a 842 p.;  |c 25 cm 
650 0 0 |a Education  |x Philosophy. 
650 0 0 |a Education  |x Aims and objectives. 
700 1 |a Weinert, Franz E.  |4 edt 
852 |a INST  |b RHODES  |e 20000731  |h 370.1 PSY  |p 005400012630  |q 005400012630  |t BK  |y 0 
901 |a BIBL4-2000-2 
909 |a Ρ  |b 068826 
922 |a 4ΕΛΗ  |b 199909 
970 |z 2000/08/ΧΡΥΣΑΝΘΗ